000 00459nam a2200169 i 4500
001 22223
003 ES-MaACL
005 20230906152643.0
007 t|
008 021129s1981 sp ||||1| spa d
100 1 _aAlfonso Sanjuán, Mario.
_919869
245 1 0 _aMedicamentos esenciales /
_cMario Alfonso Sanjuán.
250 _a[1ª ed.].
260 _a[Madrid] :
_bAguilar,
_c[1983]
300 _a327 p. ;
_c22 cm.
852 _aES-MaACL
_jL-2253
_bR.102652
999 _c22223
_d22223